| 000 | 01342nam a22001937a 4500 | ||
|---|---|---|---|
| 999 |
_c36262 _d36262 |
||
| 005 | 20251125232927.0 | ||
| 008 | s2541 th o tha d | ||
| 040 | _aNALT | ||
| 086 | _aสว 03 2.7 310 2541 | ||
| 110 | 2 |
_aสำนักงานเลขาธิการวุฒิสภา. _941216 _b กองกลาง |
|
| 245 | 1 | 0 |
_aประวัติและสถิติข้าราชการรัฐสภาสามัญ-ลูกจ้างประจำ สำนักงานเลขาธิการวุฒิสภา สำรวจเมื่อ 3 กรกฎาคม 2541 / _cกองกลาง สำนักงานเลขาธิการวุฒิสภา. |
| 260 |
_aกรุงเทพฯ : _bฝ่ายทะเบียนประวัติ กองกลาง สำนักงานเลขาธิการวุฒิสภา, _c2541. |
||
| 300 |
_a46 แผ่น : _bแผนภูมิ, ตาราง ; _c21 ซม. |
||
| 610 | 2 | 4 |
_aสำนักงานเลขาธิการวุฒิสภา _941217 _xข้าราชการ _xสถิติ |
| 850 | _aNALT | ||
| 856 | 4 | 0 | _uhttps://hdl.handle.net/20.500.14156/297054 |
| 942 |
_cPAR _2local |
||
| 998 |
_j25 _k นีลวัสน์ อินทรักษา |
||